Les 15 pays ayant le plus de francophones - Statistiques

Statistiques générales
  • Ce quiz a été pris 62 fois
  • Le résultat moyen est 12 sur 15
Statistiques - réponses
Hint Réponse % Correct
~67 millions France
100%
~15–20 millions Algérie
91%
~8–9 millions Belgique
91%
~10–11 millions Canada
91%
~13–15 millions Maroc
91%
~6–7 millions Tunisie
90%
~5–6 millions Sénégal
86%
~5–6 millions Suisse
86%
~45–50 millions République démocratique du Congo
83%
~10–12 millions Cameroun
78%
~8–9 millions Cote d'Ivoire
76%
~4–5 millions Mali
71%
~4–5 millions Burkina Faso
55%
~3–4 millions Niger
52%
~4–5 millions Madagascar
50%
Aucun quiz correspondant
Distribution des résultats
% des personnes avec chaque résultat
Percentile par nombre de réponses
Votre historique - résultats
Vous n’avez pas pris ce quiz